[Event "Turniej Blitza na II Lidze Juniorów 2018"]
[Site "Szczyrk, Poland"]
[Date "????.??.??"]
[Round "7.18"]
[White "Gazda, Dominik"]
[Black "Laszczak, Przemyslaw"]
[Result "0-1"]
[TimeControl "3'+2\""]
[WhiteElo "1400"]
[BlackElo "1748"]

1. e4 {[%clk 00:03:03]} {[%emt 00:01:53]} c6 {[%clk 00:03:02]} {[%emt
00:00:06]} 2. d3 {[%clk 00:03:03]} {[%emt 00:00:01]} d5 {[%clk 00:03:02]}
{[%emt 00:00:01]} 3. Nd2 {[%clk 00:03:04]} g6 {[%clk 00:03:03]} {[%emt
00:00:02]} 4. Ngf3 {[%clk 00:03:05]} {[%emt 00:00:01]} Bg7 {[%clk 00:03:04]} 5.
g3 {[%clk 00:03:06]} {[%emt 00:00:01]} dxe4 6. dxe4 {[%clk 00:03:07]} Nf6
{[%clk 00:03:00]} 7. Bg2 {[%clk 00:03:07]} {[%emt 00:00:02]} O-O {[%clk
00:02:59]} {[%emt 00:00:01]} 8. O-O {[%clk 00:03:08]} {[%emt 00:00:03]} Bg4
{[%clk 00:02:58]} {[%emt 00:00:03]} 9. c3 {[%clk 00:03:02]} {[%emt 00:00:08]}
Qc8 {[%clk 00:02:58]} {[%emt 00:00:02]} 10. Re1 {[%clk 00:03:02]} {[%emt
00:00:02]} Bh3 {[%clk 00:02:59]} {[%emt 00:00:01]} 11. Bh1 {[%clk 00:03:03]}
Nbd7 {[%clk 00:02:56]} {[%emt 00:00:05]} 12. Qc2 {[%clk 00:03:04]} {[%emt
00:00:01]} Rd8 {[%clk 00:02:43]} {[%emt 00:00:15]} 13. Ng5 {[%clk 00:03:05]}
{[%emt 00:00:01]} Nc5 {[%clk 00:02:38]} {[%emt 00:00:07]} 14. Nxh3 {[%clk
00:02:57]} {[%emt 00:00:11]} Qxh3 {[%clk 00:02:39]} 15. Re3 {[%clk 00:02:52]}
{[%emt 00:00:07]} Ng4 {[%clk 00:02:18]} {[%emt 00:00:22]} 16. Nf3 {[%clk
00:02:48]} {[%emt 00:00:06]} Nxe3 {[%clk 00:02:18]} {[%emt 00:00:01]} 17. Bxe3
{[%clk 00:02:49]} {[%emt 00:00:02]} b6 {[%clk 00:02:00]} {[%emt 00:00:20]} 18.
Nd4 {[%clk 00:02:14]} {[%emt 00:00:38]} Qd7 {[%clk 00:01:58]} {[%emt 00:00:04]}
19. e5 {[%clk 00:02:04]} {[%emt 00:00:11]} Rac8 {[%clk 00:01:59]} 20. f4 {[%clk
00:01:51]} {[%emt 00:00:16]} Ne6 {[%clk 00:01:58]} {[%emt 00:00:03]} 21. Rf1
{[%clk 00:01:10]} {[%emt 00:00:43]} c5 {[%clk 00:01:55]} {[%emt 00:00:04]} 22.
Nxe6 {[%clk 00:00:51]} {[%emt 00:00:21]} Qxe6 {[%clk 00:01:56]} 23. c4 {[%clk
00:00:47]} {[%emt 00:00:06]} Qf5 {[%clk 00:01:44]} {[%emt 00:00:14]} 24. Be4
{[%clk 00:00:46]} {[%emt 00:00:02]} Qd7 {[%clk 00:01:42]} {[%emt 00:00:05]} 25.
Qc3 {[%clk 00:00:32]} {[%emt 00:00:16]} e6 {[%clk 00:01:36]} {[%emt 00:00:08]}
26. a3 {[%clk 00:00:30]} {[%emt 00:00:05]} Qa4 {[%emt 00:00:09]} 27. Bc2 {[%clk
00:00:28]} {[%emt 00:00:02]} Qc6 {[%clk 00:01:30]} {[%emt 00:00:02]} 28. Bd3
{[%clk 00:00:21]} {[%emt 00:00:08]} a6 {[%clk 00:01:16]} {[%emt 00:00:16]} 29.
Qc2 {[%clk 00:00:22]} {[%emt 00:00:01]} b5 {[%clk 00:01:14]} {[%emt 00:00:04]}
30. Be4 {[%clk 00:00:24]} Qb6 {[%clk 00:01:03]} {[%emt 00:00:14]} 31. b4 {[%clk
00:00:17]} {[%emt 00:00:10]} bxc4 {[%clk 00:01:01]} {[%emt 00:00:04]} 32. bxc5
{[%clk 00:00:16]} {[%emt 00:00:02]} Qb3 {[%clk 00:01:00]} {[%emt 00:00:02]} 33.
Qxb3 {[%clk 00:00:15]} {[%emt 00:00:03]} cxb3 {[%emt 00:00:02]} 34. Rb1 {[%emt
00:00:01]} Bf8 {[%clk 00:00:54]} {[%emt 00:00:08]} 35. c6 {[%clk 00:00:18]}
Bxa3 {[%clk 00:00:48]} {[%emt 00:00:09]} 36. Rxb3 {[%clk 00:00:19]} {[%emt
00:00:02]} Rd1+ {[%clk 00:00:44]} {[%emt 00:00:05]} 37. Kf2 {[%clk 00:00:20]}
{[%emt 00:00:01]} Ra1 {[%clk 00:00:27]} {[%emt 00:00:18]} 38. Rb7 {[%clk
00:00:17]} {[%emt 00:00:06]} Bc1 {[%clk 00:00:21]} {[%emt 00:00:07]} 39. Bd4
{[%clk 00:00:16]} {[%emt 00:00:04]} Ra2+ {[%clk 00:00:22]} {[%emt 00:00:02]} 40.
Kf3 {[%clk 00:00:15]} {[%emt 00:00:02]} Ra3+ {[%clk 00:00:17]} {[%emt
00:00:08]} 41. Kf2 {[%clk 00:00:15]} {[%emt 00:00:02]} Ra4 {[%clk 00:00:17]}
{[%emt 00:00:01]} 42. Ba7 {[%clk 00:00:12]} {[%emt 00:00:04]} Rxe4 {[%clk
00:00:17]} {[%emt 00:00:02]} 43. c7 {[%clk 00:00:07]} {[%emt 00:00:08]} Rc4
{[%clk 00:00:18]} {[%emt 00:00:02]} 44. Bb6 {[%clk 00:00:06]} {[%emt 00:00:03]}
Rc2+ {[%clk 00:00:06]} {[%emt 00:00:13]} 45. Ke1 {[%clk 00:00:06]} {[%emt
00:00:02]} Be3 {[%clk 00:00:06]} {[%emt 00:00:02]} 46. Rb8 {[%clk 00:00:07]}
Bxb6 {[%clk 00:00:06]} {[%emt 00:00:02]} 47. Rxc8+ {[%clk 00:00:08]} {[%emt
00:00:02]} Kg7 {[%clk 00:00:07]} 48. Kd1 {[%clk 00:00:05]} {[%emt 00:00:05]}
Rxc7 {[%clk 00:00:07]} 0-1

[Event "Turniej Blitza na II Lidze Juniorów 2018"]
[Site "Szczyrk, Poland"]
[Date "????.??.??"]
[Round "7.21"]
[White "Kawaler, Adam"]
[Black "Sidorczuk, Dominik"]
[Result "1-0"]
[TimeControl "3'+2\""]
[WhiteElo "1602"]
[BlackElo "1215"]

1. d4 {[%clk 00:03:02]} {[%emt 00:00:02]} d5 {[%clk 00:03:04]} 2. Nf3 {[%clk
00:03:03]} {[%emt 00:00:01]} Nc6 {[%clk 00:03:05]} {[%emt 00:00:01]} 3. c4
{[%clk 00:03:04]} Bf5 {[%clk 00:03:05]} {[%emt 00:00:02]} 4. a3 {[%clk
00:03:04]} {[%emt 00:00:02]} e6 {[%clk 00:03:05]} {[%emt 00:00:03]} 5. e3
{[%clk 00:03:05]} Nf6 {[%clk 00:03:05]} {[%emt 00:00:02]} 6. Nc3 {[%clk
00:03:05]} {[%emt 00:00:01]} Bd6 {[%clk 00:03:05]} {[%emt 00:00:02]} 7. cxd5
{[%clk 00:03:05]} {[%emt 00:00:03]} exd5 {[%clk 00:03:06]} 8. Bd3 {[%clk
00:03:03]} {[%emt 00:00:04]} Bxd3 {[%clk 00:03:04]} {[%emt 00:00:04]} 9. Qxd3
{[%clk 00:03:04]} O-O {[%clk 00:03:05]} {[%emt 00:00:01]} 10. O-O {[%clk
00:03:04]} {[%emt 00:00:02]} Qd7 {[%clk 00:03:05]} {[%emt 00:00:02]} 11. h3
{[%clk 00:03:05]} {[%emt 00:00:01]} Rfe8 {[%clk 00:03:05]} {[%emt 00:00:01]} 12.
Re1 {[%clk 00:02:59]} {[%emt 00:00:09]} Ne4 {[%clk 00:03:06]} {[%emt 00:00:01]}
13. Nxd5 {[%clk 00:02:46]} {[%emt 00:00:15]} Rad8 {[%clk 00:02:53]} {[%emt
00:00:16]} 14. Nc3 {[%clk 00:02:44]} {[%emt 00:00:03]} Na5 {[%clk 00:02:46]}
{[%emt 00:00:09]} 15. Nxe4 {[%clk 00:02:42]} {[%emt 00:00:04]} Qf5 {[%clk
00:02:42]} {[%emt 00:00:06]} 16. Nc5 {[%clk 00:02:40]} {[%emt 00:00:04]} Qxd3
{[%clk 00:02:36]} {[%emt 00:00:08]} 17. Nxd3 {[%clk 00:02:41]} {[%emt
00:00:02]} Nb3 {[%clk 00:02:36]} 18. Rb1 {[%clk 00:02:34]} {[%emt 00:00:09]} c5
{[%clk 00:02:33]} {[%emt 00:00:05]} 19. dxc5 {[%clk 00:02:18]} {[%emt
00:00:18]} Bxc5 {[%clk 00:02:34]} 20. Nxc5 {[%clk 00:02:16]} {[%emt 00:00:05]}
Nxc5 {[%clk 00:02:35]} {[%emt 00:00:01]} 21. b4 {[%clk 00:02:14]} {[%emt
00:00:03]} Nd3 {[%clk 00:02:35]} {[%emt 00:00:03]} 22. Rf1 {[%clk 00:02:07]}
{[%emt 00:00:09]} Rc8 {[%clk 00:02:27]} {[%emt 00:00:10]} 23. Bb2 {[%clk
00:02:01]} {[%emt 00:00:08]} Rc2 {[%clk 00:02:27]} {[%emt 00:00:02]} 24. Bd4
{[%clk 00:01:57]} {[%emt 00:00:05]} a6 {[%clk 00:02:11]} {[%emt 00:00:19]} 25.
Rbd1 {[%clk 00:01:57]} {[%emt 00:00:02]} Nb2 {[%clk 00:02:11]} {[%emt
00:00:01]} 26. Bxb2 {[%clk 00:01:55]} {[%emt 00:00:05]} Rxb2 {[%clk 00:02:12]}
{[%emt 00:00:01]} 27. Rd7 {[%clk 00:01:55]} {[%emt 00:00:01]} Ra2 {[%clk
00:02:12]} {[%emt 00:00:03]} 28. Rxb7 {[%clk 00:01:53]} {[%emt 00:00:04]} Rxa3
{[%clk 00:02:13]} 29. b5 {[%clk 00:01:52]} {[%emt 00:00:03]} axb5 {[%clk
00:02:08]} {[%emt 00:00:07]} 30. Rxb5 {[%clk 00:01:53]} {[%emt 00:00:01]} Ra2
{[%clk 00:02:07]} {[%emt 00:00:03]} 31. Rfb1 {[%clk 00:01:52]} {[%emt
00:00:02]} h6 {[%clk 00:02:07]} {[%emt 00:00:03]} 32. Rb8 {[%clk 00:01:53]}
{[%emt 00:00:01]} Rxb8 {[%clk 00:02:08]} {[%emt 00:00:01]} 33. Rxb8+ {[%clk
00:01:54]} Kh7 {[%clk 00:02:09]} 34. Ne5 {[%clk 00:01:52]} {[%emt 00:00:05]} f6
{[%clk 00:02:08]} {[%emt 00:00:03]} 35. Ng4 {[%clk 00:01:52]} {[%emt 00:00:02]}
Kg6 {[%clk 00:02:09]} {[%emt 00:00:01]} 36. Rb6 {[%clk 00:01:45]} {[%emt
00:00:09]} h5 {[%clk 00:02:10]} {[%emt 00:00:01]} 37. Ne5+ {[%clk 00:01:45]}
{[%emt 00:00:02]} Kf5 {[%clk 00:02:11]} 38. Nf3 {[%clk 00:01:43]} {[%emt
00:00:04]} g5 {[%clk 00:02:09]} {[%emt 00:00:04]} 39. Rb5+ {[%clk 00:01:40]}
{[%emt 00:00:05]} Kg6 {[%clk 00:02:09]} {[%emt 00:00:02]} 40. g4 {[%clk
00:01:38]} {[%emt 00:00:04]} h4 {[%clk 00:02:08]} {[%emt 00:00:02]} 41. Rb6
{[%clk 00:01:25]} {[%emt 00:00:17]} Ra1+ {[%clk 00:02:09]} {[%emt 00:00:01]} 42.
Kg2 {[%clk 00:01:26]} Ra2 {[%clk 00:02:10]} 43. Ne5+ {[%clk 00:01:24]} {[%emt
00:00:04]} Kg7 {[%clk 00:02:10]} {[%emt 00:00:02]} 44. Nd7 {[%clk 00:01:24]}
{[%emt 00:00:02]} f5 {[%clk 00:02:07]} {[%emt 00:00:04]} 45. gxf5 {[%clk
00:01:24]} {[%emt 00:00:03]} Ra5 {[%clk 00:02:08]} {[%emt 00:00:01]} 46. Rg6+
{[%clk 00:01:21]} {[%emt 00:00:04]} Kf7 {[%clk 00:02:08]} {[%emt 00:00:02]} 47.
Rxg5 {[%clk 00:01:22]} {[%emt 00:00:02]} Ke7 {[%clk 00:02:09]} 48. Rg7+ {[%clk
00:01:22]} {[%emt 00:00:03]} Ke8 {[%clk 00:02:09]} {[%emt 00:00:02]} 49. f6
{[%clk 00:01:22]} {[%emt 00:00:02]} Rf5 {[%clk 00:02:08]} {[%emt 00:00:02]} 50.
f7+ {[%clk 00:01:23]} {[%emt 00:00:02]} Kxd7 {[%clk 00:02:08]} {[%emt
00:00:02]} 51. f8=Q+ {[%clk 00:01:22]} {[%emt 00:00:03]} Ke6 {[%clk 00:02:09]}
52. Re7+ {[%clk 00:01:22]} {[%emt 00:00:02]} Kd6 {[%clk 00:02:09]} {[%emt
00:00:01]} 53. Qd8+ {[%clk 00:01:23]} {[%emt 00:00:02]} Kc6 {[%clk 00:02:10]}
{[%emt 00:00:01]} 54. Rc7+ {[%clk 00:01:23]} {[%emt 00:00:02]} Kb5 {[%clk
00:02:11]} 55. Qb8+ {[%clk 00:01:23]} {[%emt 00:00:03]} Ka4 {[%clk 00:02:12]}
{[%emt 00:00:01]} 56. Ra7+ {[%clk 00:01:19]} {[%emt 00:00:06]} Ra5 {[%clk
00:02:13]} 57. Rxa5+ {[%clk 00:01:19]} {[%emt 00:00:01]} Kxa5 {[%emt 00:00:01]}
58. Kf3 {[%clk 00:01:20]} Ka4 {[%clk 00:02:16]} {[%emt 00:00:01]} 59. Ke4
{[%clk 00:01:22]} Ka3 {[%clk 00:02:17]} {[%emt 00:00:01]} 60. Kd4 {[%clk
00:01:23]} Ka2 {[%clk 00:02:18]} 61. Kc3 {[%clk 00:01:24]} Ka1 {[%clk
00:02:20]} {[%emt 00:00:01]} 62. Qb2# {[%clk 00:01:25]} 1-0

[Event "Turniej Blitza na II Lidze Juniorów 2018"]
[Site "Szczyrk, Poland"]
[Date "????.??.??"]
[Round "7.19"]
[White "Krawczyk, Flawian"]
[Black "Ziemniak, Piotr"]
[Result "0-1"]
[TimeControl "3'+2\""]
[WhiteElo "1372"]
[BlackElo "1737"]

1. g3 {[%clk 00:03:02]} {[%emt 00:00:02]} d5 {[%clk 00:03:02]} {[%emt
00:00:02]} 2. Bg2 {[%clk 00:03:03]} Nf6 {[%clk 00:03:02]} {[%emt 00:00:01]} 3.
Nf3 {[%clk 00:03:04]} {[%emt 00:00:02]} c6 {[%clk 00:02:55]} {[%emt 00:00:09]}
4. d3 {[%clk 00:03:05]} {[%emt 00:00:02]} Nbd7 {[%clk 00:02:55]} {[%emt
00:00:02]} 5. O-O {[%clk 00:03:04]} {[%emt 00:00:02]} e5 {[%clk 00:02:55]}
{[%emt 00:00:02]} 6. Nbd2 {[%clk 00:03:05]} Be7 {[%clk 00:02:53]} {[%emt
00:00:04]} 7. e4 {[%clk 00:03:05]} {[%emt 00:00:02]} d4 {[%clk 00:02:51]}
{[%emt 00:00:04]} 8. Nh4 {[%clk 00:03:04]} {[%emt 00:00:03]} Nb6 {[%clk
00:02:42]} {[%emt 00:00:11]} 9. Nf5 {[%clk 00:02:59]} {[%emt 00:00:06]} Bxf5
{[%clk 00:02:41]} {[%emt 00:00:03]} 10. exf5 {[%clk 00:03:00]} {[%emt
00:00:01]} Qd7 {[%clk 00:02:43]} {[%emt 00:00:01]} 11. Be4 {[%clk 00:02:56]}
{[%emt 00:00:06]} O-O-O {[%clk 00:02:36]} {[%emt 00:00:09]} 12. a4 {[%clk
00:02:57]} {[%emt 00:00:01]} Nxe4 {[%clk 00:02:35]} {[%emt 00:00:02]} 13. dxe4
{[%clk 00:02:58]} {[%emt 00:00:02]} g6 {[%clk 00:02:28]} {[%emt 00:00:09]} 14.
a5 {[%clk 00:02:59]} {[%emt 00:00:01]} Na8 {[%clk 00:02:24]} {[%emt 00:00:06]}
15. fxg6 {[%clk 00:02:56]} {[%emt 00:00:04]} hxg6 {[%clk 00:02:24]} {[%emt
00:00:03]} 16. b4 {[%clk 00:02:46]} {[%emt 00:00:11]} Qh3 {[%clk 00:02:21]}
{[%emt 00:00:06]} 17. Re1 {[%clk 00:02:42]} {[%emt 00:00:06]} Qxh2+ {[%clk
00:02:20]} {[%emt 00:00:03]} 18. Kf1 {[%clk 00:02:43]} {[%emt 00:00:01]} Bxb4
{[%clk 00:02:08]} {[%emt 00:00:14]} 19. Qg4+ {[%clk 00:02:14]} {[%emt
00:00:30]} Kb8 {[%clk 00:01:55]} {[%emt 00:00:16]} 20. Rb1 {[%clk 00:02:15]}
{[%emt 00:00:02]} d3 {[%clk 00:01:39]} {[%emt 00:00:17]} 21. Rxb4 {[%clk
00:02:10]} {[%emt 00:00:06]} Qh1# {[%clk 00:01:38]} {[%emt 00:00:02]} 0-1

[Event "Turniej Blitza na II Lidze Juniorów 2018"]
[Site "Szczyrk, Poland"]
[Date "????.??.??"]
[Round "7.52"]
[White "Zabrzanski, Marcin"]
[Black "Bienko, Jagoda"]
[Result "0-1"]
[TimeControl "3'+2\""]
[WhiteElo "1112"]
[BlackElo "1326"]

1. e4 {[%clk 00:03:01]} {[%emt 00:00:02]} c5 {[%clk 00:03:04]} {[%emt
00:00:01]} 2. Nf3 {[%clk 00:03:02]} {[%emt 00:00:01]} d6 {[%clk 00:03:05]} 3.
d4 {[%clk 00:03:03]} {[%emt 00:00:02]} cxd4 4. Nxd4 {[%clk 00:03:04]} Nf6
{[%clk 00:03:07]} {[%emt 00:00:01]} 5. Nc3 {[%clk 00:03:05]} {[%emt 00:00:02]}
a6 {[%clk 00:03:08]} 6. a3 {[%clk 00:03:05]} {[%emt 00:00:02]} e5 {[%clk
00:03:10]} 7. Nb3 {[%clk 00:03:06]} {[%emt 00:00:02]} Be6 {[%clk 00:03:10]}
{[%emt 00:00:01]} 8. Bd3 {[%clk 00:03:07]} Be7 {[%clk 00:03:08]} {[%emt
00:00:05]} 9. Be3 {[%clk 00:03:05]} {[%emt 00:00:03]} Nc6 {[%clk 00:03:10]} 10.
f4 {[%clk 00:03:06]} {[%emt 00:00:03]} Qc7 {[%clk 00:03:05]} {[%emt 00:00:07]}
11. O-O {[%clk 00:03:05]} {[%emt 00:00:02]} h6 {[%clk 00:02:25]} {[%emt
00:00:43]} 12. Qf3 {[%clk 00:03:02]} {[%emt 00:00:05]} O-O-O {[%clk 00:02:12]}
{[%emt 00:00:15]} 13. Na4 {[%clk 00:02:41]} {[%emt 00:00:22]} Nd7 {[%clk
00:02:10]} {[%emt 00:00:05]} 14. fxe5 {[%clk 00:02:26]} {[%emt 00:00:17]} Ncxe5
{[%clk 00:02:07]} {[%emt 00:00:04]} 15. Qe2 {[%clk 00:02:24]} {[%emt 00:00:03]}
Nxd3 {[%clk 00:01:51]} {[%emt 00:00:20]} 16. Qxd3 {[%clk 00:02:18]} {[%emt
00:00:07]} Bc4 {[%clk 00:01:45]} {[%emt 00:00:08]} 17. Qd4 {[%clk 00:01:47]}
{[%emt 00:00:34]} Bxf1 {[%clk 00:01:43]} {[%emt 00:00:04]} 18. Rxf1 {[%clk
00:01:41]} {[%emt 00:00:08]} Bf6 {[%clk 00:01:37]} {[%emt 00:00:08]} 19. Qa7
{[%clk 00:01:33]} {[%emt 00:00:09]} Rde8 {[%clk 00:01:16]} {[%emt 00:00:24]} 20.
Nb6+ {[%clk 00:01:32]} {[%emt 00:00:02]} Nxb6 {[%clk 00:01:14]} {[%emt
00:00:05]} 21. Bxb6 {[%clk 00:01:28]} {[%emt 00:00:05]} Qb8 {[%clk 00:01:14]}
{[%emt 00:00:02]} 22. Qxb8+ Kxb8 {[%clk 00:01:15]} 23. Rd1 {[%clk 00:01:07]}
{[%emt 00:00:02]} Be5 {[%clk 00:01:02]} {[%emt 00:00:15]} 24. Rf1 {[%clk
00:00:57]} {[%emt 00:00:11]} f6 {[%clk 00:01:01]} {[%emt 00:00:03]} 25. Na5
{[%clk 00:00:54]} {[%emt 00:00:06]} Bxb2 {[%clk 00:00:51]} {[%emt 00:00:12]} 26.
Nc4 {[%clk 00:00:52]} {[%emt 00:00:04]} Be5 {[%clk 00:00:50]} {[%emt 00:00:02]}
27. c3 {[%clk 00:00:29]} {[%emt 00:00:26]} Re7 {[%clk 00:00:48]} {[%emt
00:00:04]} 28. Rd1 {[%clk 00:00:21]} {[%emt 00:00:10]} Rd7 {[%clk 00:00:44]}
{[%emt 00:00:06]} 29. Re1 {[%emt 00:00:25]} Rc8 {[%emt 00:00:06]} 0-1

[Event "Turniej Blitza na II Lidze Juniorów 2018"]
[Site "Szczyrk, Poland"]
[Date "????.??.??"]
[Round "7.3"]
[White "Lorenc, Marian"]
[Black "Adamski, Jan"]
[Result "0-1"]
[TimeControl "3'+2\""]
[BlackTitle "IM"]
[WhiteElo "1845"]
[BlackElo "2160"]

1. Nf3 {[%emt 00:04:14]} Nf6 {[%emt 00:00:01]} 2. c4 {[%emt 00:00:03]} e6
{[%emt 00:00:01]} 3. g3 {[%emt 00:00:01]} a6 {[%emt 00:00:04]} 4. Bg2 {[%emt
00:00:01]} b5 {[%emt 00:00:02]} 5. O-O {[%emt 00:00:13]} bxc4 {[%emt 00:00:09]}
6. Ne5 {[%emt 00:00:01]} d5 {[%emt 00:00:03]} 7. Nxc4 {[%emt 00:00:02]} c5
{[%emt 00:00:10]} 8. d4 {[%emt 00:00:06]} cxd4 {[%emt 00:00:09]} 9. Bd2 {[%emt
00:00:18]} Nc6 {[%emt 00:00:05]} 10. Qc2 {[%emt 00:00:34]} Bd7 {[%emt
00:00:13]} 11. Nca3 {[%emt 00:00:10]} Be7 {[%emt 00:00:12]} 12. Be1 {[%emt
00:00:30]} O-O {[%emt 00:00:07]} 13. Nd2 Qb6 {[%emt 00:00:11]} 14. Nb3 {[%emt
00:00:02]} Rfc8 {[%emt 00:00:02]} 15. Qd3 {[%emt 00:00:07]} a5 {[%emt
00:00:18]} 16. Nc2 {[%emt 00:00:02]} e5 {[%emt 00:00:10]} 17. Rb1 {[%emt
00:00:17]} a4 {[%emt 00:00:05]} 18. Nc1 {[%emt 00:00:04]} g6 {[%emt 00:00:15]}
19. Qd2 {[%emt 00:00:04]} Bf5 {[%emt 00:00:07]} 20. Nd3 {[%emt 00:00:04]} Qb5
{[%emt 00:00:19]} 21. h3 {[%emt 00:00:13]} Ne4 {[%emt 00:00:02]} 22. Qh6 {[%emt
00:00:11]} Bg5 {[%emt 00:00:07]} 0-1

[Event "Turniej Blitza na II Lidze Juniorów 2018"]
[Site "Szczyrk, Poland"]
[Date "????.??.??"]
[Round "7.7"]
[White "Jaromin, Michal"]
[Black "Temel, Jan"]
[Result "0-1"]
[TimeControl "3'+2\""]
[WhiteElo "1641"]
[BlackElo "1796"]

1. e4 {[%clk 00:03:03]} {[%emt 00:07:43]} e6 {[%emt 00:00:01]} 2. d4 d5 {[%clk
00:03:02]} 3. Nc3 {[%clk 00:03:04]} {[%emt 00:00:01]} Bb4 {[%clk 00:03:02]}
{[%emt 00:00:02]} 4. exd5 {[%clk 00:03:05]} exd5 {[%emt 00:00:01]} 5. Nf3 Bg4
{[%clk 00:02:54]} {[%emt 00:00:07]} 6. Be2 {[%clk 00:03:06]} {[%emt 00:00:02]}
Ne7 {[%clk 00:02:53]} {[%emt 00:00:03]} 7. h3 {[%clk 00:03:07]} {[%emt
00:00:01]} Bh5 {[%clk 00:02:54]} {[%emt 00:00:01]} 8. Bg5 {[%clk 00:03:06]}
{[%emt 00:00:03]} O-O {[%clk 00:02:48]} {[%emt 00:00:08]} 9. Qd2 {[%clk
00:03:05]} {[%emt 00:00:03]} Re8 {[%clk 00:02:40]} {[%emt 00:00:10]} 10. O-O-O
{[%clk 00:03:05]} {[%emt 00:00:02]} Nbc6 {[%clk 00:02:33]} {[%emt 00:00:09]} 11.
g4 {[%clk 00:03:04]} {[%emt 00:00:03]} Bg6 {[%clk 00:02:34]} {[%emt 00:00:01]}
12. h4 {[%clk 00:03:04]} {[%emt 00:00:02]} f5 {[%clk 00:02:12]} {[%emt
00:00:24]} 13. h5 {[%clk 00:02:59]} {[%emt 00:00:08]} fxg4 {[%clk 00:01:59]}
{[%emt 00:00:14]} 14. hxg6 {[%clk 00:02:57]} {[%emt 00:00:04]} gxf3 {[%clk
00:01:58]} {[%emt 00:00:04]} 15. Bxf3 {[%clk 00:02:48]} {[%emt 00:00:10]} hxg6
{[%clk 00:01:29]} {[%emt 00:00:31]} 16. Qd3 {[%clk 00:02:29]} {[%emt 00:00:21]}
Qd6 {[%clk 00:01:24]} {[%emt 00:00:06]} 17. Nb5 {[%clk 00:02:16]} {[%emt
00:00:16]} Qd7 {[%clk 00:01:11]} {[%emt 00:00:15]} 18. Rh4 {[%clk 00:02:07]}
{[%emt 00:00:12]} a6 {[%clk 00:00:42]} {[%emt 00:00:31]} 19. Nc3 {[%clk
00:01:37]} {[%emt 00:00:32]} Bxc3 {[%clk 00:00:38]} {[%emt 00:00:06]} 20. bxc3
{[%clk 00:01:37]} {[%emt 00:00:01]} Qf5 {[%clk 00:00:35]} {[%emt 00:00:04]} 21.
Qd2 {[%clk 00:01:32]} {[%emt 00:00:09]} Qxf3 {[%clk 00:00:26]} {[%emt
00:00:10]} 22. Rdh1 {[%clk 00:01:32]} {[%emt 00:00:02]} Nf5 {[%clk 00:00:25]}
{[%emt 00:00:03]} 23. R1h3 {[%clk 00:01:18]} {[%emt 00:00:16]} Qg2 {[%clk
00:00:23]} {[%emt 00:00:04]} 24. Rh8+ {[%clk 00:00:57]} {[%emt 00:00:23]} Kf7
{[%clk 00:00:24]} {[%emt 00:00:01]} 25. R8h7 {[%clk 00:00:53]} {[%emt
00:00:06]} Qg1+ {[%clk 00:00:21]} {[%emt 00:00:05]} 26. Kb2 {[%clk 00:00:53]}
{[%emt 00:00:02]} Na5 {[%clk 00:00:22]} {[%emt 00:00:01]} 27. Qf4 {[%clk
00:00:46]} {[%emt 00:00:10]} Nc4+ {[%clk 00:00:20]} {[%emt 00:00:04]} 28. Kb3
{[%clk 00:00:46]} {[%emt 00:00:01]} Qb1+ {[%clk 00:00:17]} {[%emt 00:00:05]} 29.
Ka4 {[%clk 00:00:47]} {[%emt 00:00:01]} Qb5# {[%emt 00:00:02]} 0-1